000 00273nam a2200109Ia 4500
001 588579
005 20250717120834.0
008 250717s9999 xx 000 0 und d
245 0 _aV-3 AT ÇİFTLİĞİNDE
_cSİMONE VEENSTRA
260 _bERDEM YAYINLARI
_c2019
300 _b95
999 _c588579
_d588579